00240nam a2200097Ia 4500001000800000005001700008008004100025020001800066245003900084260001900123127589020260417160436.0260417s9999 xx 000 0 und d a9786257303354 0aGölgem ve BencCansu Sabetrasekh bKetebe Çocuk